Remaking Japan : The American Occupation as New Deal

The book reveals how that policy was hammered out and the means by which the resulting directive, JCS 1380/15, was translated into action. MacArthur and staff had to deal with the threat of nation-wide famine, economic collapse, general strikes and many other crises while imposing sweeping radical r...

全面介绍

Đã lưu trong:
书目详细资料
主要作者: Cohen, Theodore
格式: 图书
语言:Undetermined
出版: New York Free Press 1987
主题:
标签: 添加标签
没有标签, 成为第一个标记此记录!
Thư viện lưu trữ: Trung tâm Học liệu Trường Đại học Cần Thơ
LEADER 00974nam a2200229Ia 4500
001 CTU_113830
008 210402s9999 xx 000 0 und d
082 |a 952.04 
082 |b C678 
100 |a Cohen, Theodore 
245 0 |a Remaking Japan : 
245 4 |b The American Occupation as New Deal 
245 0 |c Theodore Cohen 
260 |a New York 
260 |b Free Press 
260 |c 1987 
520 |a The book reveals how that policy was hammered out and the means by which the resulting directive, JCS 1380/15, was translated into action. MacArthur and staff had to deal with the threat of nation-wide famine, economic collapse, general strikes and many other crises while imposing sweeping radical reforms that in the end set the stage for Japan's emergence as the economic giant it is today. 
650 |a Japan 
650 |x History 
650 |y Allied occupation, 1945-1952. 
904 |i Năm 
980 |a Trung tâm Học liệu Trường Đại học Cần Thơ